THE WEALTH OF INDIA A DICTIONARY INDIAN RAW MATERIALS AND INDUSTRIALS PRODUCTS (RAW MATERIALS ) VOL VII ; N PE (Record no. 266687)

MARC details
000 -LEADER
fixed length control field 00436pam a2200133a 44500
008 - FIXED-LENGTH DATA ELEMENTS--GENERAL INFORMATION
fixed length control field 230405s xxu||||| |||| 00| 0 eng d
041 ## - LANGUAGE CODE
Language code of text/sound track or separate title ENG
100 ## - MAIN ENTRY--PERSONAL NAME
Personal name CSIR
245 ## - TITLE STATEMENT
Title THE WEALTH OF INDIA A DICTIONARY INDIAN RAW MATERIALS AND INDUSTRIALS PRODUCTS (RAW MATERIALS ) VOL VII ; N PE
250 ## - EDITION STATEMENT
Edition statement 2001
260 ## - PUBLICATION, DISTRIBUTION, ETC.
Place of publication, distribution, etc. NEW DELHI
Name of publisher, distributor, etc. NATIONAL INSTITUTE OF SCIENCE COMMUNICATION AND IN NEW DELHI
Date of publication, distribution, etc.
650 ## - SUBJECT ADDED ENTRY--TOPICAL TERM
Topical term or geographic name entry element PHARMACOGNOSY
906 ## - LOCAL DATA ELEMENT F, LDF (RLIN)
a 1248
Holdings
Withdrawn status Lost status Damaged status Not for loan Collection Home library Current library Date acquired Total Checkouts Full call number Barcode Date last seen Price effective from Koha item type
          College of Pharmacy, Kolhapur College of Pharmacy, Kolhapur 14/04/2023   615.321 PCK-2546 14/04/2023 14/04/2023 Book